000 00869 a2200217 4500
005 20080925143156.0
008 080925t xxu||||| |||| 00| 0 eng d
010 _aENG-87927
020 _a8178802392
_c850.00
035 _aEN-71460
037 _bDBAD / PUB
082 _a350.000954
100 _aArora, R.K.
245 _aPublic administration in India:
_cby R.K. Arora
_bcontinuity and change/
260 _aNew Delhi
_bRajat Publications
_c2006
270 _a4675/21, Ansari Road, Darya Ganj,
_bNew Delhi
_e110 002
300 _av, 320p.
_c22cm. (Hb)
500 _aIncludes bibliographical references and index
942 _adpl
_cEN
_k350.000954 / ARO
_2ddc
_h350.000954
_mARO
999 _c7451
_d7451